000 01108nam a2200289 i 4500
001 106789
003 ES-MaACL
005 20231005171153.0
007 t|
008 061226s1971 sp ||||1| spa d
080 _a75 Ribado, Angela (083.82)
100 1 _aRibado, Angela.
_996706
245 1 0 _aRibado
_b: [exposición, Ateneo de Madrid, Sala de Exposiciones, Santa Catalina 10, noviembre 1971] /
_c[textos: Pedro Mozos, Georges Pillement].
260 _aMadrid :
_bPublicaciones Españolas,
_c1971.
300 _a[20] p. :
_bil. ;
_c21 x 21 cm.
490 1 _aSerie V, Sala Santa Catalina ;
_v10
600 1 4 _aRibado, Angela-
_vExposiciones.
_996707
610 2 7 _aAteneo de Madrid-
_vExposiciones-
_y1970-1979.
_91921
655 7 _2tgfbne
_9193628
_aCatálogos de exposiciones
700 1 _aMozos, Pedro.
_984002
700 1 _aPillement, Georges.
_992030
710 2 _aAteneo de Madrid.
_bSala de Santa Catalina.
_91964
830 0 _aSerie V, Sala Santa Catalina ;
_v10
_9185299
852 _aES-MaACL
_j2211-F-32
_9110843
_bR.138370
_cDEPOF
942 _2udc
_cFOLLETOS
999 _c106789
_d106789